000 00581nam a2200193Ia 4500
003 OSt
005 20251115113529.0
008 210210b1964 xxu||||| |||| 00| 0 eng d
040 _cAL
041 _aKannada
082 _a854/228
100 _aRANGANATHA MUGALI SHRI
_dರಂಗನಾಥ ಮುಗಳಿ ಶ್ರೀ
_9245712
245 _aKannada sahitya charitre
_bಕನ್ನಡ ಸಾಹಿತ್ಯ ಚರಿತ್ರೆ
260 _aMaisuru
_bUsha Sahitya Male
_c1964
300 _axi,492
690 _aKannada Criticism
_9245713
906 _a002935
942 _2ddc
_cBK
999 _c125216
_d125216